000 00259nam a2200097Ia 4500
008 201216s9999 xx 000 0 und d
100 _aBranch,Alan E.
245 0 _aEconomics of shipping practice and management
260 _aLondon
_bChapman and hall
942 _cBK
999 _c6208
_d6208